Kaikoṭṭa prēmapatra. (Record no. 56964)

MARC details
000 -LEADER
fixed length control field 00538cam a22002291 4500
001 - CONTROL NUMBER
control field sa 64001827
003 - CONTROL NUMBER IDENTIFIER
control field DLC
005 - DATE AND TIME OF LATEST TRANSACTION
control field 20260227112005.0
008 - FIXED-LENGTH DATA ELEMENTS--GENERAL INFORMATION
fixed length control field 940426s1962 ii 000 1 kanr
010 ## - LIBRARY OF CONGRESS CONTROL NUMBER
LC control number sa 64001827
025 ## - OVERSEAS ACQUISITION NUMBER
Overseas acquisition number PL480:I-Kan-64
035 ## - SYSTEM CONTROL NUMBER
System control number (OCoLC)30334216
040 ## - CATALOGING SOURCE
Original cataloging agency DLC
Transcribing agency CU
Modifying agency CU
-- DLC
042 ## - AUTHENTICATION CODE
Authentication code premarc
050 00 - LIBRARY OF CONGRESS CALL NUMBER
Classification number PL4659.R33
Item number K25
100 1# - MAIN ENTRY--PERSONAL NAME
Personal name Ramamurti, M.
245 10 - TITLE STATEMENT
Title Kaikoṭṭa prēmapatra.
260 ## - PUBLICATION, DISTRIBUTION, ETC.
Date of publication, distribution, etc. [1962]
300 ## - PHYSICAL DESCRIPTION
Extent 160 p.
Dimensions 18 cm.
500 ## - GENERAL NOTE
General note In Kannada.
500 ## - GENERAL NOTE
General note A novel.

No items available.

Powered by Koha